LEADER 00896naa a2200217 u 4500 001 000000099704 003 CaOOAMICUS 005 20070226130159.0 008 051005s2001 it u000 u ita u 035 $a11061913 040 $aIAR$bita 100 1 $aGalluzzo, Gabriele.$0(OLS)http://pul/name/62598 245 10$a[Recensione :] G. Madec: Le Dieu d'Augustin /$cGabriele Galluzzo. 260 $aBologna :$bEd. Dehoniane,$c2001. 300 $aS. 220-223 ;$c22 cm 600 14$aMadec, Goulven,$d1930-$tDieu d'Augustin.$0(OLS)http://pul/subject/31978 730 0 $aCristianesimo nella storia$g[Spogli].$0(OLS)http://pul/title/7312 773 0 $aCristianesimo nella storia ;.$tvol. XXII (2001) 773 0 $tCristianesimo nella storia$w()5012 996 $6245$a[Recensione :] G. Madec: Le Dieu d'Augustin$9(OLS)http://pul/title/126583 996 $6260$aBologna :$bEd. Dehoniane$9(OLS)http://pul/publisher/48282 LEADER 00767naa a2200217 u 4500 001 000000103246 003 CaOOAMICUS 005 20070226130215.0 008 061103s1972 gw u000 u ger u 020 $a3-11-003928-1 035 $a11105264 040 $aIAR$bita 100 1 $aGigon, Olof Alfred,$d1912-$0(OLS)http://pul/name/631 245 10$aAkusilaos, Cicero und Varro /$cOlof Gigon. 260 $aBerlin :$bde Gruyter,$c1972. 300 $aS. 365-369 ;$c24 cm 500 $aIAR: CFA.157 773 0 $aGigon, Olof Alfred.$tStudien zur antiken Philosophie$w()566 996 $6020$a3-11-003928-1$9(OLS)http://pul/number/709 996 $6245$aAkusilaos, Cicero und Varro$9(OLS)http://pul/title/130153 996 $6260$aBerlin :$bde Gruyter$9(OLS)http://pul/publisher/48196